000 00905nam a2200289 a 4500
001 69999
003 BD-RjUL
005 20211209081943.0
008 170415s1975 enka b 001 0 eng d
020 _a008017003X :
035 _a(BD-RjUL)70211
040 _aDLC
_cDLC
_dBD-RjUL
_beng
041 _aeng
082 _223
_a548.5
_bCRY 1975
090 _aQD921
_b.P32 1980
099 _aQD921.P32 1980
245 0 0 _aCrystal growth /
_cedited by Brian R. Pamplin
250 _a1st ed.
260 _aOxford :
_aNew York :
_bPergamon,
_c1975.
300 _axviii, 609 p. :
_bill. ;
_c26 cm.
490 1 _aInternational series on the science of the solid state ;
_vv. 16
504 _aIncludes bibliography and index
650 0 _aCrystal growth.
_9200699
700 1 _aPamplin, Brian R.
_9200700
830 0 _aInternational series on the science of the solid state ;
_vv. 16.
_9158941
942 _2ddc
_cBK
999 _c69999
_d69999